Actas del V Congreso Internacional de la Asociación de Lingüística y Filología de la América Latina

সংরক্ষণ করুন:
গ্রন্থ-পঞ্জীর বিবরন
বিন্যাস: গ্রন্থ
ভাষা:স্প্যানিশ
প্রকাশিত: Caracas Asociación de Lingüística y Filología de América Latina 1986
বিষয়গুলি:
ট্যাগগুলো: ট্যাগ যুক্ত করুন
কোনো ট্যাগ নেই, প্রথমজন হিসাবে ট্যাগ করুন!

MARC

LEADER 00000nam a2200000 a 4500
001 UCJ9178
003 CL-VaPUC
008 070309e19860000VE |||||||||||||||||spa|d
020 |a 9800000917 
082 0 4 |a 410  |b ACT  |2 21 
245 1 0 |a Actas del V Congreso Internacional de la Asociación de Lingüística y Filología de la América Latina 
300 |a 695 p 
942 |c BK 
945 |d 20070309 00:00:00  |a jtorresc 
260 |a Caracas  |b Asociación de Lingüística y Filología de América Latina  |c 1986 
500 |a Donación del Dr. Luis Gómez Macker 
650 0 |a Lingüística  |9 265068 
650 7 |a TEORIA LINGUISTICA  |2 CL-VaPUC  |9 334835 
650 0 |a Lingüística española  |9 353524 
650 7 |a DIALECTOLOGIA  |2 CL-VaPUC  |9 461785 
650 0 |a Investigación lingüística  |9 329785 
583 |a last modification  |c 20070309 00:00:00  |k Rodrigo Vera 
999 |c 324764  |d 324762 
952 |0 0  |1 0  |4 0  |6 410_000000000000000_ACT_1986  |7 0  |8 A  |9 405123  |a FDOPOS  |b FDOPOS  |d 2019-11-22  |i 4269853  |o 410 ACT 1986  |p 4269853  |r 2025-01-22  |w 2019-11-22  |y BK  |k MLA